[Event "Bad Woerishofen op 30th"]
[Site "Bad Woerishofen"]
[Date "2014.03.23"]
[Round "6"]
[White "Funke, Joerg Dietmar"]
[Black "Van Eck, Ted"]
[Result "0-1"]
[WhiteElo "1856"]
[BlackElo "1992"]
[PlyCount "55"]
[EventDate "2014.03.21"]
[EventType "swiss"]
[EventRounds "9"]
[EventCountry "GER"]
[SourceTitle "EXT 2019"]
[Source "ChessBase"]
[SourceDate "2018.10.10"]
[SourceVersion "1"]
[SourceVersionDate "2018.10.10"]
[SourceQuality "1"]

1. e4 c6 2. d4 d5 3. Nc3 dxe4 4. Nxe4 Nf6 5. Nxf6+ exf6 6. Be3 Bd6 7. Nf3 0-0 8. Be2 Re8 9. 0-0 Nd7 10. Re1 Nf8 11. h3 Be6 12. c4 Ng6 13. Qc2 Qd7 14. Bf1 Nf4 15. Bxf4 Bxf4 16. Rad1 g6 17. Qc3 Kg7 18. b3 Bc7 19. Nd2 Qd8 20. Nf3 Rc8 21. Nd2 Qd6 22. g3 Qa3 23. Qa1 Bf5 24. Rxe8 Rxe8 25. g4 Qd6 26. Nf3 Be4 27. Bg2 Bxf3 28. Bxf3 0-1

[Event "Bad Woerishofen op 30th"]
[Site "Bad Woerishofen"]
[Date "2014.03.23"]
[Round "5"]
[White "Van Eck, Ted"]
[Black "Baeuml, Ulrich"]
[Result "0-1"]
[WhiteElo "1992"]
[BlackElo "2123"]
[PlyCount "36"]
[EventDate "2014.03.21"]
[EventType "swiss"]
[EventRounds "9"]
[EventCountry "GER"]
[SourceTitle "EXT 2019"]
[Source "ChessBase"]
[SourceDate "2018.10.10"]
[SourceVersion "1"]
[SourceVersionDate "2018.10.10"]
[SourceQuality "1"]

1. e4 c5 2. Nf3 e6 3. d4 cxd4 4. Nxd4 a6 5. Bd3 Qc7 6. 0-0 Nf6 7. Nc3 Be7 8. Be3 b5 9. a3 Bb7 10. Qe2 d6 11. Rad1 Nbd7 12. f4 Rc8 13. g4 Nc5 14. g5 Nfxe4 15. Ndxb5 axb5 16. Bxb5+ Kf8 17. f5 Nxg5 18. fxe6 Nh3# 0-1

[Event "Bad Woerishofen op 28th"]
[Site "Bad Woerishofen"]
[Date "2012.03.05"]
[Round "4"]
[White "Van Eck, Ted"]
[Black "Klein, Reinhard"]
[Result "0-1"]
[WhiteElo "2015"]
[BlackElo "1879"]
[PlyCount "58"]
[EventDate "2012.03.02"]
[EventType "swiss"]
[EventRounds "9"]
[EventCountry "GER"]
[SourceTitle "EXT 2019"]
[Source "ChessBase"]
[SourceDate "2018.10.10"]
[SourceVersion "1"]
[SourceVersionDate "2018.10.10"]
[SourceQuality "1"]

1. e4 c5 2. Nf3 a6 3. Nc3 e6 4. a4 Qc7 5. Be2 Nc6 6. 0-0 Nf6 7. d4 cxd4 8. Nxd4 Bb4 9. Na2 Ba5 10. Nxc6 dxc6 11. b4 Bb6 12. Bb2 Nxe4 13. Qd3 Nxf2 14. Rxf2 Bxf2+ 15. Kxf2 0-0 16. g3 e5 17. Qe3 Re8 18. Bc4 Bf5 19. Bb3 Kh8 20. Nc3 Qe7 21. Ba3 Qf6 22. Kg2 Qg6 23. Rf1 f6 24. Bf7 Qxf7 25. Rxf5 Rad8 26. Rf1 Qc4 27. Rf2 Qd4 28. Qf3 e4 29. Nxe4 Qxe4 0-1

[Event "Roosendaal op"]
[Site "Roosendaal"]
[Date "2011.08.19"]
[Round "1"]
[White "Van Eck, Ted"]
[Black "Colijn, Stefan"]
[Result "0-1"]
[WhiteElo "2037"]
[BlackElo "2207"]
[PlyCount "70"]
[EventDate "2011.08.19"]
[EventType "swiss"]
[EventRounds "6"]
[EventCountry "NED"]
[SourceTitle "CBM 143 Extra"]
[Source "ChessBase"]
[SourceDate "2011.08.29"]
[SourceVersion "1"]
[SourceVersionDate "2011.08.29"]
[SourceQuality "1"]

1. d3 d5 2. Nf3 Nf6 3. Nbd2 Nc6 4. e4 e5 5. exd5 Nxd5 6. g3 Be7 7. Bg2 0-0 8. 0-0 f5 9. Nc4 Bf6 10. Re1 Re8 11. Nfxe5 Rxe5 12. Nxe5 Nxe5 13. d4 Ng6 14. c4 Nde7 15. Bd2 f4 16. Bc3 Nf5 17. Bd5+ Kh8 18. Bf7 Nd6 19. Qe2 f3 20. Qe3 Bg4 21. Bd5 c6 22. Bxf3 Nxc4 23. Qe2 Bxf3 24. Qxf3 Nb6 25. Re4 Nd5 26. Rae1 Qd7 27. Qe2 Nge7 28. Bd2 Kg8 29. g4 h6 30. f4 Bh4 31. Rf1 Rf8 32. g5 Nf5 33. gxh6 gxh6 34. Kh1 Kh8 35. Re5 Bf6 0-1

[Event "Le Touquet op-A"]
[Site "Le Touquet"]
[Date "2008.10.26"]
[Round "2"]
[White "Maes, Wim"]
[Black "Van Eck, Ted"]
[Result "1-0"]
[WhiteElo "2294"]
[BlackElo "2033"]
[PlyCount "62"]
[EventDate "2008.10.25"]
[EventType "swiss"]
[EventRounds "9"]
[EventCountry "FRA"]
[SourceTitle "EXT 2009"]
[Source "ChessBase"]
[SourceDate "2008.11.26"]
[SourceVersion "1"]
[SourceVersionDate "2008.11.26"]
[SourceQuality "1"]

1. g3 Nf6 2. Bg2 d5 3. Nf3 Bf5 4. 0-0 c6 5. b3 e6 6. Bb2 Be7 7. d3 0-0 8. Nbd2 Qb6 9. Ne5 Nbd7 10. e4 Bg6 11. Nxg6 hxg6 12. Qe2 Rfe8 13. Kh1 dxe4 14. dxe4 e5 15. Rad1 Qc7 16. f4 exf4 17. gxf4 Nf8 18. Nc4 Ne6 19. Be5 Qc8 20. Nd6 Bxd6 21. Bxd6 Nf8 22. e5 Qf5 23. Qf3 N6h7 24. Bh3 Qh5 25. Bg4 Qh6 26. Qf2 f5 27. Be2 g5 28. fxg5 Nxg5 29. Qxf5 Ng6 30. Rg1 Nh3 31. Rxg6 Nf2+ 1-0

[Event "Gausdal Classics Elo op"]
[Site "Gausdal"]
[Date "2007.04.25"]
[Round "8"]
[White "Rautanen, Sari"]
[Black "Van Eck, Ted"]
[Result "1-0"]
[WhiteElo "1943"]
[BlackElo "2019"]
[PlyCount "105"]
[EventDate "2007.04.18"]
[EventType "swiss"]
[EventRounds "9"]
[EventCountry "NOR"]
[SourceTitle "EXT 2008"]
[Source "ChessBase"]
[SourceDate "2007.11.25"]
[SourceVersion "1"]
[SourceVersionDate "2007.11.25"]
[SourceQuality "1"]

1. Nf3 d5 2. d4 c6 3. c4 Nf6 4. Nc3 Bf5 5. cxd5 cxd5 6. Qb3 Qb6 7. Nxd5 Nxd5 8. Qxd5 e6 9. Qb3 Bb4+ 10. Bd2 Nc6 11. e3 0-0 12. Be2 Qa5 13. Bxb4 Nxb4 14. 0-0 Rac8 15. Rac1 Bc2 16. Qa3 Qxa3 17. bxa3 Nxa2 18. Ra1 Nc3 19. Rfe1 Nxe2+ 20. Rxe2 Rc7 21. h3 Rfc8 22. Kh2 Be4 23. Kg3 h6 24. Rb2 Rc2 25. Rxc2 Rxc2 26. Ne5 f6 27. f3 Bh7 28. Nd7 b6 29. a4 Rc3 30. e4 Bxe4 31. a5 b5 32. Nc5 Bf5 33. Na6 Rc4 34. Rd1 b4 35. d5 Bc2 36. Rd2 b3 37. d6 Rc8 38. d7 Rd8 39. Nb8 Kh7 40. Nc6 b2 41. Nxd8 b1Q 42. Nxe6 Qe1+ 43. Rf2 Qe5+ 44. f4 Qe3+ 45. Rf3 Qxe6 46. d8Q Qe1+ 47. Kh2 Be4 48. Rg3 f5 49. Qe7 Qa1 50. Qxa7 Qb2 51. Qc7 Qd4 52. a6 Qa1 53. Qc3 1-0

[Event "Gausdal Classics Elo op"]
[Site "Gausdal"]
[Date "2007.04.23"]
[Round "6"]
[White "Olsson, Lars"]
[Black "Van Eck, Ted"]
[Result "1-0"]
[WhiteElo "2032"]
[BlackElo "2019"]
[PlyCount "81"]
[EventDate "2007.04.18"]
[EventType "swiss"]
[EventRounds "9"]
[EventCountry "NOR"]
[SourceTitle "EXT 2008"]
[Source "ChessBase"]
[SourceDate "2007.11.25"]
[SourceVersion "1"]
[SourceVersionDate "2007.11.25"]
[SourceQuality "1"]

1. c4 Nf6 2. Nc3 e6 3. e4 d6 4. d4 Nbd7 5. Nf3 c5 6. Be2 cxd4 7. Nxd4 Be7 8. 0-0 0-0 9. Be3 Nc5 10. f3 e5 11. Nc2 b6 12. Qd2 Bb7 13. Rfd1 a6 14. Bf1 Ne8 15. b4 Nd7 16. Qf2 f5 17. exf5 Rxf5 18. Bd3 Rf8 19. Qg3 Nef6 20. Bg5 e4 21. fxe4 Ne5 22. Qe1 Qe8 23. Nd4 Qg6 24. Bxf6 Bxf6 25. Qg3 Nxd3 26. Qxd3 Rae8 27. Re1 Be5 28. Rad1 Qf6 29. Nd5 Bxd5 30. cxd5 Qf2+ 31. Kh1 Rf6 32. Nf5 Qxa2 33. Rf1 Rg6 34. Qf3 Rf6 35. Qg4 Rg6 36. Ne7+ Kh8 37. Nxg6+ hxg6 38. Qxg6 Rb8 39. Qh5+ Kg8 40. Qf7+ Kh8 41. Rf3 1-0

[Event "Bayern-chI Bank Hofmann 10th"]
[Site "Bad Wiessee"]
[Date "2006.11.04"]
[Round "1"]
[White "Velimirovic, Dragoljub"]
[Black "Van Eck, Ted"]
[Result "1-0"]
[WhiteElo "2459"]
[BlackElo "2024"]
[PlyCount "45"]
[EventDate "2006.11.04"]
[EventType "swiss"]
[EventRounds "9"]
[EventCountry "GER"]
[SourceTitle "EXT 2007"]
[Source "ChessBase"]
[SourceDate "2006.11.23"]
[SourceVersion "1"]
[SourceVersionDate "2006.11.23"]
[SourceQuality "1"]

1. e4 c6 2. d4 d5 3. exd5 cxd5 4. c4 Nf6 5. Nc3 g6 6. cxd5 Bg7 7. Bb5+ Nbd7 8. Nf3 0-0 9. Bxd7 Nxd7 10. 0-0 Nb6 11. Qb3 Bf5 12. Re1 Rc8 13. Ne5 h5 14. h3 h4 15. Bg5 Bf6 16. Bh6 Bg7 17. Bxg7 Kxg7 18. Rad1 f6 19. Nd3 Bxd3 20. Rxd3 Qc7 21. Nb5 Qd7 22. Nxa7 Ra8 23. Qxb6 1-0

[Event "Saarlouis op 3rd"]
[Site "Saarlouis"]
[Date "2000.05.30"]
[Round "5"]
[White "Tolhuizen, Ludo"]
[Black "Van Eck, Ted"]
[Result "1-0"]
[WhiteElo "2234"]
[BlackElo "1976"]
[PlyCount "78"]
[EventDate "2000.05.27"]
[EventType "swiss"]
[EventRounds "9"]
[EventCountry "GER"]
[SourceTitle "EXT 2006"]
[Source "ChessBase"]
[SourceDate "2005.11.24"]
[SourceVersion "1"]
[SourceVersionDate "2005.11.24"]
[SourceQuality "1"]

1. e4 c6 2. Ne2 d5 3. e5 c5 4. c3 Nc6 5. d4 Qb6 6. dxc5 Qxc5 7. Be3 Qa5 8. f4 Bg4 9. Nd2 e6 10. Qb3 Nge7 11. Nd4 Qb6 12. Qxb6 axb6 13. Nb5 Kd7 14. Bxb6 g5 15. Nb3 Nc8 16. Be3 gxf4 17. Bxf4 Ra4 18. N5d4 N8a7 19. Be2 Bxe2 20. Kxe2 Nb5 21. Be3 Nba7 22. Bf4 Nb5 23. Rhd1 Rc4 24. Bg3 Nba7 25. Rf1 Ke8 26. Kd3 h5 27. Nxc6 Nxc6 28. Nd4 h4 29. Bf4 Bh6 30. Rae1 Bxf4 31. Rxf4 Rh5 32. b3 Rc5 33. Nxc6 Rxc6 34. Kd4 b5 35. Ref1 Rh7 36. R1f2 Ke7 37. Rg4 Rc8 38. h3 f5 39. exf6+ Kd6 1-0

[Event "Saarlouis op 3rd"]
[Site "Saarlouis"]
[Date "2000.05.28"]
[Round "2"]
[White "Naeckel, Gerhard"]
[Black "Van Eck, Ted"]
[Result "1/2-1/2"]
[WhiteElo "2189"]
[BlackElo "1976"]
[PlyCount "87"]
[EventDate "2000.05.27"]
[EventType "swiss"]
[EventRounds "9"]
[EventCountry "GER"]
[SourceTitle "EXT 2006"]
[Source "ChessBase"]
[SourceDate "2005.11.24"]
[SourceVersion "1"]
[SourceVersionDate "2005.11.24"]
[SourceQuality "1"]

1. e4 c6 2. d4 d5 3. Nc3 dxe4 4. Nxe4 Nf6 5. Nxf6+ gxf6 6. Nf3 Bf5 7. Bd3 e6 8. Bf4 Bg4 9. Be2 Bd6 10. Qd2 Qc7 11. Bg3 Nd7 12. 0-0-0 0-0-0 13. Kb1 h5 14. c4 Kb8 15. Qc3 h4 16. Bxd6 Qxd6 17. h3 Bf5+ 18. Bd3 Bxd3+ 19. Qxd3 Rdg8 20. Rhg1 Rh5 21. Qe3 Qb4 22. Rc1 Qd6 23. Rc3 a6 24. Rb3 c5 25. Qe4 Qc7 26. d5 Ne5 27. Rd1 Nxf3 28. d6 Qd7 29. Qxf3 Rf5 30. Qe4 Rxf2 31. Qxh4 Rgxg2 32. Qh5 Rd2 33. Rxd2 Rxd2 34. Qxc5 Rd1+ 35. Kc2 Rxd6 36. Rg3 b6 37. Qe3 Qc7 38. b3 b5 39. Rg8+ Rd8 40. Rxd8+ Qxd8 41. h4 bxc4 42. bxc4 Qd6 43. Qd2 Qe5 44. Kb3 1/2-1/2